000 00379nam a2200133 4500
008 170718b xxu||||| |||| 00| 0 eng d
082 _22002
_aDC 953.67
_bK96
245 _aKuwait:
_bfacts and figures/
250 _aSeventh Edition
260 _aKuwait:
_bGovernment Press,
_c2002
300 _a264 pages:
_bcolor illustrations;
_c23 cm.
650 0 _921317
_aKuwait
942 _2ddc
_cDC
999 _c7046
_d7046